[Event "DEN-ch Kort 1-2"]
[Site "Svendborg"]
[Date "2019.04.14"]
[Round "2"]
[White "Thorup, Bo Beier"]
[Black "Ankjaer, Allan"]
[Result "0-1"]
[WhiteElo "1688"]
[BlackElo "1690"]
[PlyCount "22"]
[EventDate "2019.04.13"]
[EventType "swiss"]
[EventRounds "5"]
[EventCountry "DEN"]
[SourceTitle "EXT 2020"]
[Source "ChessBase"]
[SourceDate "2019.10.17"]
[SourceVersion "1"]
[SourceVersionDate "2019.10.17"]
[SourceQuality "1"]

1. e4 e5 2. Nf3 Nc6 3. d4 exd4 4. Nxd4 Bc5 5. Nxc6 Qf6 6. Qf3 dxc6 7. Nc3 Be6 8. Qg3 0-0-0 9. Bg5 Bxf2+ 10. Qxf2 Qxg5 11. Qxa7 Qd2# 0-1

[Event "Taastrup Winter 2nd"]
[Site "Taastrup"]
[Date "2016.11.26"]
[Round "2"]
[White "Larsen, Simon Bering"]
[Black "Ankjaer, Allan"]
[Result "1-0"]
[WhiteElo "1887"]
[BlackElo "1717"]
[PlyCount "127"]
[EventDate "2016.11.11"]
[EventType "swiss"]
[EventRounds "9"]
[EventCountry "DEN"]
[SourceTitle "EXT 2024"]
[Source "ChessBase"]
[SourceDate "2023.10.10"]
[SourceVersion "1"]
[SourceVersionDate "2023.10.10"]
[SourceQuality "1"]

1. Nf3 Nf6 2. b3 e6 3. e3 d5 4. Bb2 c5 5. c4 Nc6 6. cxd5 exd5 7. Bb5 Bd6 8. 0-0 0-0 9. d4 cxd4 10. Nxd4 Nxd4 11. Qxd4 a6 12. Be2 Re8 13. Qh4 Be5 14. Bxe5 Rxe5 15. Nc3 Bf5 16. Qf4 Qd6 17. Rfd1 Rd8 18. Bf3 Qe6 19. Qb4 b5 20. Rd4 Ne4 21. Nxe4 Bxe4 22. Bxe4 Rxe4 23. Rad1 Rxd4 24. Qxd4 f6 25. e4 Qe5 26. Qxe5 fxe5 27. exd5 Kf7 28. f3 Rc8 29. Rd2 Ke7 30. Kf2 Rc3 31. Kg3 Kd6 32. Kg4 Rc5 33. Kf5 Rxd5 34. Rc2 a5 35. Rc8 Ke7 36. Rc7+ Kd6 37. Rxg7 Rd2 38. a4 bxa4 39. bxa4 Ra2 40. Rxh7 Rxa4 41. Ra7 Ra2 42. g4 Ra4 43. h4 Rf4+ 44. Kg5 Rxf3 45. Rxa5 e4 46. Ra6+ Ke7 47. Ra4 e3 48. Re4+ Kf7 49. h5 Kf8 50. Kh4 Kf7 51. g5 e2 52. Rxe2 Rf4+ 53. Kg3 Ra4 54. Rf2+ Kg7 55. Rf4 Ra1 56. Kg4 Rg1+ 57. Kf5 Ra1 58. h6+ Kh7 59. Rh4 Ra5+ 60. Kf6 Ra6+ 61. Ke7 Ra7+ 62. Kd6 Kg6 63. Ke5 Ra5+ 64. Ke6 1-0

[Event "Amager AMSF Gr4"]
[Site "Amager"]
[Date "2016.10.25"]
[Round "7"]
[White "Ankjaer, Allan"]
[Black "Sorensen, Ken"]
[Result "1-0"]
[WhiteElo "1606"]
[BlackElo "1520"]
[PlyCount "79"]
[EventDate "2016.08.16"]
[EventType "tourn"]
[EventRounds "7"]
[EventCountry "DEN"]
[SourceTitle "EXT 2023"]
[Source "ChessBase"]
[SourceDate "2022.10.05"]
[SourceVersion "1"]
[SourceVersionDate "2022.10.05"]
[SourceQuality "1"]

1. e4 e6 2. d4 d5 3. Nc3 Bb4 4. e5 c5 5. a3 cxd4 6. axb4 dxc3 7. bxc3 Ne7 8. Nf3 Qc7 9. Bb2 Nbc6 10. Bb5 Bd7 11. Qe2 0-0 12. 0-0 Nxe5 13. Nxe5 Bxb5 14. Qxb5 Qxe5 15. Qxb7 Nf5 16. Rxa7 Nd6 17. Qxa8 Nb5 18. Qb7 Nd6 19. Qd7 Nc4 20. Bc1 Qxc3 21. b5 Qxc2 22. Ba3 Nb6 23. Rc1 Qxc1+ 24. Bxc1 Nxd7 25. Rxd7 h6 26. Be3 Ra8 27. f4 Ra1+ 28. Kf2 Ra2+ 29. Kf1 Ra1+ 30. Ke2 Ra2+ 31. Kd3 Ra3+ 32. Kd4 Rb3 33. Rb7 Kf8 34. b6 f6 35. Bd2 g5 36. Kc5 Rb2 37. Bc3 Rc2 38. Kb4 gxf4 39. Rh7 Kg8 40. Rc7 1-0

[Event "Amager AMSF Gr4"]
[Site "Amager"]
[Date "2016.08.16"]
[Round "1"]
[White "Tronning, Mark Philip"]
[Black "Ankjaer, Allan"]
[Result "0-1"]
[WhiteElo "1522"]
[BlackElo "1606"]
[PlyCount "58"]
[EventDate "2016.08.16"]
[EventType "tourn"]
[EventRounds "7"]
[EventCountry "DEN"]
[SourceTitle "EXT 2023"]
[Source "ChessBase"]
[SourceDate "2022.10.05"]
[SourceVersion "1"]
[SourceVersionDate "2022.10.05"]
[SourceQuality "1"]

1. e4 e5 2. Nf3 Nc6 3. Bb5 a6 4. Ba4 Nf6 5. 0-0 Be7 6. Re1 b5 7. Bb3 d6 8. d3 0-0 9. Be3 Na5 10. c3 Nxb3 11. Qxb3 Be6 12. Qd1 c5 13. Na3 b4 14. cxb4 cxb4 15. Nc4 Bxc4 16. dxc4 Nxe4 17. Qa4 a5 18. Rad1 Qc7 19. Qc2 Nf6 20. Bg5 Rfc8 21. b3 a4 22. Bxf6 gxf6 23. Rd5 Qc6 24. Nh4 Qxd5 25. Nf5 Kf8 26. Nh6 Qe6 27. Qxh7 Ke8 28. Re3 axb3 29. Nf5 Bf8 0-1